1274 1549 1151 1211 1483 1965 1211 1478 1119 1522 1673 1524 1851 1131 1783 1512 1399 1045 1841 1034 1519 1844 1646 1206 1621 1796 1219 1544 1307 1016 1620 1146 1590 1569 1448 1754 1603 1699 1920 1013 1633 1834 1128 1923 1052 1526 1467 1691 1864 1487 1864 1280 1839 1714 1883 1299 1537 1368 1510 1101 1229 1234 1299 1754 1184 1475 1482 1513 1734 1079 1956 1132 1511 1157 1792 1583 1886 1718 1742 1348 1713 1974 1578 1516 1714 1928 1974 1162 1561 1505 1579 1374 1905 1649 1564 1572 1820 1472 1031 BCNSPRNW ULIB Ver.6.0+V

เปลี่ยนเป็นภาษาไทย

Change to English
 แสดงรายละเอียดบรรณานุกรม
  กลับหน้าหลัก

Brief Record : Get Marc (ISO 2709) : E-mail record : QR code < ปิดหน้าต่าง
LEADER : 00000nam 2200000uu 4500
001    13399128922
003     ULIB
008    241030s2024||||th 000 0 tha d
020    ^a9780323881159
060 04 ^aWY128^bF341P
100 1  ^aFenstermacher, Karen
245 10 ^aPractice guidelines for family nurse practitioners /^cKaren Fenstermacher, Barbara Toni Hudson
250    ^a6th ed.
260    ^aPhiladelphia :^bElsevier,^c2024
300    ^aviii, 569 p. :^bill. ;^c24 cm.
504    ^aIncludes bibliographical references and index
650  0 ^aFamily nursing
650  0 ^aNurse practitioners
650  2 ^aFamily nursing^xMethods
650  2 ^aFamily nursing
650  2 ^aNurse practitioners
650  2 ^aPrimary care nursing
700 1  ^aHudson, Barbara Toni
945    ^p2762^l0^i011170
999    ^aประนอม เกษจรัล
รายการนี้ยังไม่มีแท็ก
คุณยังไม่ได้ล็อกอิน คุณสามารถมีกิจกรรมร่วมกับเว็บไซต์ได้ แต่ต้องล็อกอินก่อน ::
  ล็อกอิน

รายการสื่อสารสนเทศ

ลำดับที่ ประเภท เลขเรียก/บาร์โค้ด สถานที่ สถานะ
1. Book การพยาบาล
หนังสือสำรอง
สถานะ=หนังสือสำรอง
WY128 F341P ฉ.1 
  Barcode: 011170
ห้องสมุดวิทยาเขตสวรรค์ประชารักษ์
►หนังสือทั่วไป
บนชั้น

รายการใกล้เคียง
    ผู้แต่ง [Fenstermacher, Karen]

    หัวเรื่อง [Family nursing]
    หัวเรื่อง [Nurse practitioners]
    หัวเรื่อง [Family nursing]
    หัวเรื่อง [Nurse practitioners]
    หัวเรื่อง [Primary care nursing]

BibComment


ยังไม่เคยถูกคอมเมนท์

คอมเมนท์ทรัพยากรรายการนี้
  คอมเมนท์: Practice guideli..


 Copyright 2026. Bcnsprnw @Library